=LDR 00000nam 2200000 4500 =001 INLIS000000000030442 =005 20130612132603 =008 ***********************************Ind** =035 ##$$0010-061300000030442 =041 ##$$a Ind =082 ##$$a 641.656 2 =090 ##$$a 641.656 2, Wid a =100 ##$$a Widayati, E =245 ##$$a Aneka penganan dari labu kuning, E. Widayati =260 ##$$a 2000 $b Jakarta =300 ##$$a viii, 48 hlm, ilus, 21 cm =650 ##$$a Labu =850 ##$$a NBPNMAT =990 ##$$a 0001/BPAP-NTB/2016 =990 ##$$a 0001/BPAP-NTB/2016